000 00480nam a2200181Ia 4500
008 151121s9999||||xx |||||||||||||| ||und||
082 _a301।154/गोखले
082 _bHNW-30838
100 _aगोखले
245 _aजगावेगळे जग
260 _c--
300 _a150
600 _aगोखले
630 _aजगावेगळे जग
700 _aगोखले
730 _aजगावेगळे जग
942 _cBOOK
999 _c1225121
_d1225118